00893nam a2200241Ia 4500001000700000003000500007008004100012010001100053040000900064100003300073245017900106260004100285300001000326502007600336650005900412650002300471650002600494650003400520650003100554650001900585650002700604650002000631Z_5214CHAP220113s2005 xx 000 0 und d a168275 cCHAP aLee Rangel, Héctor Aarón aEfecto de glucoamilasa exogena en la fermentación ruminal, digestibilidad y desarrollo de borregos alimentados a base de grano de sorgo /cpor Héctor Aarón Lee Rangel aChapingo, Méx. :bEl autor,c2005 a47 h. aTesis (Ing. Agr. Esp. en Zootecnia) -- UACH. Departamento de Zootecnia aAlimentos y alimentación del ganadoxDigestibilidad  aAlmidónxEnzimas aDigestión ruminal  aGanado lanarxAlimentación  aGanado lanarxCrecimiento  aGlucoamilasa  aSorgoxDigestibilidad  aSorgoxEnzimas